| 000 | 00683nam a22002297a 4500 | ||
|---|---|---|---|
| 003 | OSt | ||
| 005 | 20160128140543.0 | ||
| 008 | 160128b xxu||||| |||| 00| 0 eng d | ||
| 020 | _a013506984x | ||
| 040 | _c040a | ||
| 082 |
_a003 _bVAL 2009 |
||
| 245 |
_aEssentials of system analysis and design / _cJoseph S. Valacich, Joey F.George, Jeffrey A.Hoffer |
||
| 250 | _a4th.ed | ||
| 260 |
_aLondon _bPearson Education _c2009 |
||
| 300 |
_ai, 458p; _bCol.ill : _c25 cm, |
||
| 504 | _aincludes index | ||
| 650 |
_aSystem analysis and design _96617 |
||
| 700 |
_aValacich, Joseph s. _96616 |
||
| 700 |
_aGeorge, Joey F _94227 |
||
| 700 |
_aHoffer, Jeffrey A. _96615 |
||
| 942 |
_2ddc _cSLOAN |
||
| 999 |
_c2904 _d2904 |
||